Zpověď farářky /
Autorka dává v otevřené zpovědi nahlédnout do svého vnitřního světa.
Uloženo v:
| Hlavní autor: | |
|---|---|
| Médium: | E-kniha |
| Jazyk: | Czech |
| Vydáno: |
V Praze :
Mladá fronta,
2023
|
| Vydání: | 1. vydání |
| Témata: | |
| Tagy: |
Žádné tagy |
| LEADER | 03668nam a2200781 i 4500 | ||
|---|---|---|---|
| 001 | 312117 | ||
| 003 | CZ PrSKC | ||
| 005 | 20260601215717.0 | ||
| 007 | ta | ||
| 008 | 230920s2023 xr ac e 000 0acze | ||
| 015 | |a cnb003548960 | ||
| 020 | |a 9788020462077 |q (vázáno) : |c Kč 399,00 | ||
| 035 | |a (OCoLC)1416935835 | ||
| 040 | |a BOA001 |b cze |e rda | ||
| 043 | |a e-xr--- | ||
| 045 | |a y-y- | ||
| 072 | 7 | |a 27 |x Křesťanství. Křesťanská církev všeobecně. Eklesiologie |2 Konspekt | |
| 072 | 7 | |a 929 |x Biografie |2 Konspekt | |
| 080 | |a 27-722.53-774-055.2 |2 MRF | ||
| 080 | |a 271/279 |2 MRF | ||
| 080 | |a 27-733 |2 MRF | ||
| 080 | |a 27-46 |2 MRF | ||
| 080 | |a 27-4 |2 MRF | ||
| 080 | |a 316.728 |2 MRF | ||
| 080 | |a 316.64 |2 MRF | ||
| 080 | |a 929 |2 MRF | ||
| 080 | |a (437.3) |2 MRF | ||
| 080 | |a (047.53) |2 MRF | ||
| 080 | |a (0:82-94) |2 MRF | ||
| 080 | |a (0:82-4) |2 MRF | ||
| 100 | 1 | |a Kopecká, Martina Viktorie, |d 1986- |7 mzk2015896104 |4 aut | |
| 245 | 1 | 0 | |a Zpověď farářky / |c Martina Viktorie Kopecká |
| 250 | |a 1. vydání | ||
| 264 | 1 | |a V Praze : |b Mladá fronta, |c 2023 | |
| 300 | |a 256 stran : |b ilustrace (převážně barevné) ; |c 21 cm | ||
| 336 | |a text |b txt |2 rdacontent | ||
| 337 | |a bez média |b n |2 rdamedia | ||
| 338 | |a svazek |b nc |2 rdacarrier | ||
| 520 | 2 | |a Autorka dává v otevřené zpovědi nahlédnout do svého vnitřního světa. |b Co si myslí o celibátu a založení rodiny? Jak vnímá vážné nemoci a odcházení svých farníků? Je ze služby někdy unavená? A jaké podoby může mít duchovní praxe v době zaměřené na výkon a hmotné statky? Sbírku úvah doplňují rozhovory, v nichž nejznámější česká farářka vůbec poprvé promluvá i o nečekaných tématech. Nakladatelská anotace. Kráceno. | |
| 600 | 1 | 7 | |a Kopecká, Martina Viktorie, |d 1986- |7 mzk2015896104 |2 czenas |
| 610 | 2 | 7 | |a Církev československá husitská |7 kn20010710457 |2 czenas |
| 648 | 7 | |a 21. století |7 ch460559 |2 czenas | |
| 650 | 0 | 7 | |a farářky |7 ph305412 |z Česko |y 21. století |2 czenas |
| 650 | 0 | 7 | |a křesťanské církve |7 ph122117 |z Česko |y 21. století |2 czenas |
| 650 | 0 | 7 | |a služby v církvi |7 ph119301 |z Česko |y 21. století |2 czenas |
| 650 | 0 | 7 | |a pastorace |7 ph123988 |z Česko |y 21. století |2 czenas |
| 650 | 0 | 7 | |a církevní život |7 ph119306 |z Česko |y 21. století |2 czenas |
| 650 | 0 | 7 | |a každodenní život |7 ph121555 |z Česko |y 21. století |2 czenas |
| 650 | 0 | 7 | |a názory a postoje |7 ph137634 |2 czenas |
| 650 | 0 | 9 | |a women priests |z Czechia |y 21st century |2 eczenas |
| 650 | 0 | 9 | |a Christian churches |z Czechia |y 21st century |2 eczenas |
| 650 | 0 | 9 | |a church‘s ministries |z Czechia |y 21st century |2 eczenas |
| 650 | 0 | 9 | |a pastoral care |z Czechia |y 21st century |2 eczenas |
| 650 | 0 | 9 | |a church life |z Czechia |y 21st century |2 eczenas |
| 650 | 0 | 9 | |a everyday life |z Czechia |y 21st century |2 eczenas |
| 650 | 0 | 9 | |a views and attitudes |2 eczenas |
| 655 | 7 | |a rozhovory |7 fd133303 |2 czenas | |
| 655 | 7 | |a autobiografické vzpomínky |7 fd131854 |2 czenas | |
| 655 | 7 | |a úvahy |7 fd134000 |2 czenas | |
| 655 | 9 | |a interviews |2 eczenas | |
| 655 | 9 | |a autobiographical reminiscences |2 eczenas | |
| 655 | 9 | |a essays |2 eczenas | |
| 900 | |a ABA001 |b 19 | ||
| 928 | 9 | |a Albatros Media - Mladá fronta | |
| 044 | |a xr | ||
| 910 | |a RBIT002 | ||
| 998 | |d 387929 |a https://core.palmknihy.cz/api/books/387929/cover?si64qk |b https://core.palmknihy.cz/api/books/387929/cover/400?si64qk |c https://core.palmknihy.cz/api/books/387929/cover/50?si64qk |e 2033-12-31 |g 264 |i 9788020462077 |j https://core.palmknihy.cz/api/books/387929/preview.epub |k https://core.palmknihy.cz/api/books/387929/preview.pdf |l |q 49 |r 1 |s https://www.palmknihy.cz/kniha/387929 |t ebook |y 2023 |z 0 | ||
| 999 | |d 312115 | ||